000 00469nam a2200181Ia 4500
001 7943
005 20260306160532.0
008 260306t2019||||xx |||||||||||||| ||spa||
041 _aESP
082 _a364.07
_bD69
100 _aDíaz Fernández, Antonio M.
_eAUT
245 0 _aLa investigación de temas sensibles en criminología y seguridad
260 _c2019
300 _a251 páginas :
_c23 cm.
650 _aGEN
654 _aCPS
942 _cLIB
_dJUS
_fJUS
_2ddc
_n
999 _c7943
_d7943